000 00538nam a22001817a 4500
005 20251126180013.0
008 251120b |||||||| |||| 00| 0 eng d
020 _a978-93-91208-18-9
041 _aeng
082 _a616.01 MANE
100 _aMANE, DR. ROHIT SHANKAR
_98747
245 _aA TEXTBOOK OF PHARMACEUTICAL MICROBIOLOGY:FOR PHARMACY, MEDICAL SCIENCE, AND LIFE SKILL
250 _a1ST ED. 2022
260 _aNEW DELHI
_bINNOVATIVE PUBLICATIONS PVT.LTD
_c2023
300 _a203;P
650 _aPHARMACY
_xB.PHARMA
942 _cBK
999 _c8919
_d8917